Регионална библиотека "Любен Каравелов" - Русе

[Шестдесет] 60 години подготовка на учители в Русе (Запис номер 167024)

MARC детайли
000 -Лидер
Контролно поле с фиксирана дължина nam a22 a 4500
003 - Код на организацията, давaща контролен номер
Контролно поле BLK
005 - Дата и час на последна редакция
Контролно поле 20220711090528.0
008 - Елементи от данни с фиксирана дължина
fixed length control field 180411b bul|||||r ||||||| ||bul||
010 ## - Наследен системен номер
LC control number KNG00174799000
040 ## - Източник на каталожния запис
Идентификатор на билиотеката - собственик на записа BLK
041 ## - Код за език
Код за езика на текст/звукозапис или на отделно заглавие Български
Код за езика КДБФ Български
072 #7 - Код за тематичната категория
Код организация bullib
Код за тематична категория К
Текст Краезнание
080 ## - УДК
Текстов определител УДК Ръководство. Учители. Друг персонал
УДК код - определител по УДК 37.091.113
УДК определител (497.2)(09)
УДК - код + определител 37.091.113(497.2)(09)
139 ## - Редно поле
Редна дума [Шестдесет] 60 години подготовка на учители в Русе
Авторски знак Шес - Ш 58
245 10 - Сведения за заглавието
Заглавие [Шестдесет] 60 години подготовка на учители в Русе
Подзаглавни данни Истор. очерк
257 ## - Страна на издаване
Страна на създаване/издаване България
260 ## - Област на издателските данни
Име на издателя, разпространителя и проч. Нар. просв.
Година на издаване 1970
Печатница Русе : Дунав
Място на издаване, разпространение и проч. София
300 ## - Физическа характеристика
Страници 84 с.
Илюстрации и др. с ил.
Размери/Мащаб 20 см
380 ## - Жанр
Жанр Обществени науки
500 ## - Общи забележки
Забележка Изд. на Инст. за детски учителки - Русе. - 1 081 тир.
650 #4 - Допълнително описание по предмет – тема
Основно описание – тема или топоним Учители - подготовка и квалификация
9 (RLIN) 248892
650 #4 - Допълнително описание по предмет – тема
Основно описание – тема или топоним Училища, педагогически - България
9 (RLIN) 274439
651 #4 - Допълнително описание по предмет - топоним
Географско понятие България
9 (RLIN) 241624
651 #4 - Допълнително описание по предмет - топоним
Географско понятие Русе
9 (RLIN) 179462
653 ## - Ключова дума – ненормативна
Ключова дума учители
653 ## - Ключова дума – ненормативна
Ключова дума образование
653 ## - Ключова дума – ненормативна
Ключова дума институти
653 ## - Ключова дума – ненормативна
Ключова дума юбилеи
653 ## - Ключова дума – ненормативна
Ключова дума Русе
659 ## - Тематичен бюлетин
Тематичен бюлетин К
852 ## - Местоположение
Форматна сигнатура Цб 54725
Фондова буква Хранилище
852 ## - Местоположение
Форматна сигнатура К 37.09/Ш 58 г
856 4# - Електронен адрес и достъп
Електронен формат pdf - файл
856 4# - Електронен адрес и достъп
Електронен формат pdf - файл
999 ## - СИСТЕМНИ КОНТРОЛНИ НОМЕРА
Koha biblionumber 167024
Koha biblioitemnumber 167024
942 ## - АРТИКУЛИ
Вид на библиотечния материал Книги
Скрит в OPAC Не
Периодичен библиозапис Да
944 ## - СЪЗДАВАНЕ И РЕДАКЦИЯ на ЗАПИСА
Създаване/Редакция Създаване
Дата на регистрацията/редакция 29.04.2015
Статус, дата на статуса 29.04.2015 - от С1,Р / 29.04.2015
Служител, извършил регистрацията/редакцията Геновева_Генчева
944 ## - СЪЗДАВАНЕ И РЕДАКЦИЯ на ЗАПИСА
Създаване/Редакция Редакция
Дата на регистрацията/редакция 29.04.2015
Статус, дата на статуса 29.04.2015 - от С1,Р / 29.04.2015
999 ## - СИСТЕМНИ КОНТРОЛНИ НОМЕРА
Koha biblioitemnumber 167024
999 ## - СИСТЕМНИ КОНТРОЛНИ НОМЕРА
Koha biblioitemnumber 167024
Наличности
Код за отписване Код за изгубен артикул Източник на класификационната схема Код за повреда Коз за рестрикции Код за отдаване Артикулен № Име на библиотеката - собственик Име на библиотеката, в която се намира в момента Статус (Текущо местоположение) Дата на вписване в системата Местоположение - отдел Цена в лева Инвентарен номер Систематично азбучна сигнатура Баркод Номер на екземпляра Цена в евро Служебна бележка Служебен тип на артикула
  Не е изгубен Universal Decimal Classification Не е повреден само за читалня ползва се в читалня 281390 Регионална библиотека "Любен Каравелов" Русе Регионална библиотека "Любен Каравелов" Русе Хранилище 1970-01-01 Хранилище 0.25 77360 Цб 54725 120000077360 1 0.13 Дост: Dp Вид: Д N: Сф Дата: 01.01.1970 Книги
  Не е изгубен Universal Decimal Classification Не е повреден без рестрикции ползва се в читалня 281391 Регионална библиотека "Любен Каравелов" Русе Регионална библиотека "Любен Каравелов" Русе Краезнание 1970-01-01 Краезнание 0.30 77903 К 37.09/Ш 58 г 120000077903 2 0.15 N: Сф Дата: 01.01.1970 Дата инв: 13.11.2017 Бележки инв: К2017 Книги
  Не е изгубен Universal Decimal Classification Не е повреден без рестрикции ползва се в читалня 281392 Регионална библиотека "Любен Каравелов" Русе Регионална библиотека "Любен Каравелов" Русе Краезнание 1970-01-01 Краезнание 0.25 86691 К 37.09/Ш 58 г 120000086691 3 0.13 N: Сф Дата: 01.01.1970 Дата инв: 13.11.2017 Бележки инв: К2017 Книги
  Не е изгубен Universal Decimal Classification Не е повреден без рестрикции ползва се в читалня 281393 Регионална библиотека "Любен Каравелов" Русе Регионална библиотека "Любен Каравелов" Русе Краезнание 1970-01-01 Краезнание 0.25 86702 К 37.09/Ш 58 г 120000086702 4 0.13 N: Сф Дата: 01.01.1970 Дата инв: 09.11.2017 Бележки инв: К2017 Книги
Vip Innovations Ltd, Rousse, Bulgaria 2025